| 000 | 02055nam a22002537a 4500 | ||
|---|---|---|---|
| 999 |
_c63715 _d63715 |
||
| 003 | Ge_BSU | ||
| 005 | 20251212204042.0 | ||
| 008 | 251212s2023 ge ||||| |||| 00| 0 geo d | ||
| 020 | _a9789941986642 | ||
| 041 | _ageo | ||
| 080 | _a94(=353.1)(560) გ-97 | ||
| 100 |
_aგუჯეჯიანი, როზეტა _95617 |
||
| 245 |
_aჰაირი ჰაირიოღლუ (ვახტანგ მალაყმაძე) : _b[მონოგრაფია] = Hayri Hayrioglu (Vakhtang Malakmadze) : [Monograph] = Hayri Hayrioğlu (Vahtang Malakmadze) / _cროზეტა გუჯეჯიანი, გიორგი ირემაძე, მირიან ხოსიტაშვილი; რედაქტორი გურამ ლორთქიფანიძე; საქართველოს პარლამენტის ეროვნული ბიბლიოთეკა, სტამბოლის ქართული ხელოვნების სახლი. |
||
| 264 |
_aთბილისი : _bსაქართველოს პარლამენტის ეროვნული ბიბლიოთეკა, _c2023. |
||
| 300 |
_a208 გვ. : _b ფოტ. ; _c 23 სმ. |
||
| 653 | _aჰაირიოღლუ, ჰაირი, 1936-2003. | ||
| 653 | _aქართველები თურქეთში | ||
| 653 | _aქართველები უცხოეთში -- თურქეთი | ||
| 700 |
_aირემაძე, გიორგი _eავტორი _926497 |
||
| 700 |
_aხოსიტაშვილი, მირიან _eავტორი _926498 |
||
| 700 |
_aლორთქიფანიძე, გურამ _eრედაქტორი _926499 |
||
| 710 |
_aსაქართველოს პარლამენტის ეროვნული ბიბლიოთეკა _bსტამბოლის ქართული ხელოვნების სახლი _926500 |
||
| 942 |
_2udc _cᲬᲘᲒᲜᲘ |
||